000 00297nam a22001337a 4500
008 171103b xxu||||| |||| 00| 0 eng d
020 _a9780026406017
041 _aeng
080 _22ND
_a339.138
100 _a60
101 _aMAR
245 _aMARKETING ESSENTIALS
_cFARESE.L
942 _2udc
_cBK
999 _c37477
_d37477